000 00923cab a2200301 4500
001 ABS56393
008 090401t1996 xxu||||| |||| 00| 0 eng d
035 _a(Sirsi) u23296
041 _aeng
100 _aKelly, M.
245 _aClosing the agricultural loophole
260 _c1996
350 _a0
490 _aTown & Country Planning
_v65(12) December 1996, 337-339(3)
520 _aReports on the results of a survey of how far the proposed changes in the revised PPG7 go to meet local authority concerns over the misuse of the agricultural dwellings concession.
650 _aAGRICULTURAL DWELLINGS
650 _aFARM BUILDINGS
650 _aFARMLAND
650 _aPLANNING CONTROL
650 _aPPG7 REVISED
650 _aPPG7
650 _aRESIDENTIAL DEVELOPMENT
650 _aRURAL AREAS
690 _aPLANNING LAW AND PRACTICE
700 _aGilg, A
942 _n0
948 _c04/03/1997
999 _c15580
_d15580